| 000 | 00346nam a2200145Ia 4500 | ||
|---|---|---|---|
| 008 | 210210b1970 xxu||||| |||| 00| 0 eng d | ||
| 082 | _a633.73 COFF | ||
| 100 | _aCOFFEE. | ||
| 245 | _aCOFFEE; guide book. | ||
| 260 |
_aBangalore. _bResearch Department, _c1970 |
||
| 300 | _a119 | ||
| 650 | _aCoffee | ||
| 690 | _aAgricultur | ||
| 906 | _a03130 | ||
| 999 |
_c82504 _d82504 |
||